LDR 00908naa#a2200193#i#450# 001 RU\\bibl\120773 005 20260428083401.2 011 ## _a2687-0185 100 ## _a20250212b2025####ek#y0rusy0150####ca 102 ## _aRU 200 1# _aУправленческий учет: инструменты формирования маркетинговой стратегии в сельском хозяйстве _eЖурнальная статья 210 1# _aМосква _cМосковский университет МВД России имени В.Я. Кикотя _d2025 215 ## _a10 с. 608 ## _aЖурнальная статья _2local 675 ## _aНе применять при 654 и 656. 65.08 _z 700 #1 _aХосиев _gБорис Николаевич 700 #1 _aОстаев _gГамлет Яковлевич 700 #1 _aЭриашвили _gНодари Дарчоевич 856 4# _amosumvd.editorum.ru _u